00413nam a2200145 a 4500008004100000050002000041100001900061245002400080246004000104260004900144300001700193350000900210650001300219650003500232120416s1967 ||||||||||||||||| || u aJQ 3523.A79 Cli aCliffe, Lionel10aOne party democracy athe 1965 Tanzania general elections aNairobibEast African Publishing Housec1967 a470p. : ill. a0.00 aPOLITICS aTANZANIA--ONE- PARTY DEMOCRACY